000 01322nam0a2200361 i 4500
001 RU\NLR\BIBL_A\010987031
005 20260406131248.0
010 _a9785465031660
_912000
021 _aRU
_b2016-7966
_9514
021 _aRU
_b2016-79317
_95170
021 _aRU
_b2016-100488
_96688
035 _a(NILC)RuMoRGB-008135470
035 _a(NLR Aleph) 010987031
090 _a10908330
_c10908330
100 _a20160225d2016 km y0rusy50 ca
101 0 _arus
102 _aRU
105 _aa|||z|||000gy
200 1 _aТелефон
_e[для детей от 2 лет]
_fКорней Чуковский
_g[худож. А. Медведева]
210 _aРеутов
_cОмега
_aМосква
_cОмега-пресс
_d2016
215 _a[17] с., [2] с. цв. наклеек
_cцв. ил.
_d22
225 1 _aСказка с наклейками
333 _a2+
686 0 _aШ9(2)60=Р7-5
700 1 _7ca
_8rus
_aЧуковский
_bК. И.
_f1882-1969
_gКорней Иванович
_9111544
_3RU\NLR\AUTH\771522
702 1 _4040
_7ca
_8rus
_aМедведева
_bА.
_cхудожник
_gАнна
_967753
_3RU\NLR\AUTH\7784825
801 0 _aRU
_bРГБ
_c20160204
_gRCR
801 1 _aRU
_bРГБ
_c20160204
_2rusmarc
942 _cBOOK
980 _aNBR